00251nam a22001097a 4500020001900000040000900019082001800028100001200046245002500058260003300083650002500116 a 9780071202718 cNust a621.3822bNAG aNAGRATH a Signals And Systems aBoston:bMcgraw-hill,c2001. a Signals And Systems